=LDR 00000nam 2200000 4500 =001 INLIS000000000020310 =005 20210506101211 =035 ##$$a 0010-061300000020310 =008 210506################g##########0#ind## =041 ##$$a Ind =082 ##$$a 338.5 =090 ##$$a 338.5, Sam i =100 ##$$a Samuelson, Paul A =245 1#$$a Ilmu mikroekonomi /$c Paul A. Samuelson, William D. Nordhaus ; alih bahasa, Nur Rosyidah =260 ##$$a Jakarta :$b Education,$c 2003 =300 ##$$a xxii, 489 hlm, : $b ilus. ; $c 26 x 21 cm. =650 #4$$a Mikroekonomi =700 #$$a Nordhaus, William D =850 ##$$a NBPNMAT =020 ##$$a 979-97855-1-0 =084 ##$$a 338.5 SAM i =250 ##$$a Edisi Tujuh Belas =990 ##$$a 20614061 =990 ##$$a 20614063 =990 ##$$a 20614062 =990 ##$$a 20614060